000 00228nam a2200097Ia 4500
005 20251222114404.0
008 251222s1900||||xx |||||||||||||| ||spa||
082 _aDVD0010/S28/1995
245 0 _aMarea Roja:Crimson Tide
942 _cDVD
999 _c1771
_d1771